000 00449nam a22001937a 4500
003 MPLRDC
005 20220104142708.0
008 210129b ||||| |||| 00| 0 eng d
020 _a957-583-550-6
082 _a544.37 QYK-2
100 _a秋元康
245 _a恋爱的迷信
_c
250 _a初版
260 _a
_b晨星出版社
_c1997
300 _b
490 _a青春列车. 46
650 _a恋爱
942 _cBK
_o544.37 QYK-2
999 _c32973
_d32963